书目信息 |
| 题名: |
F-D系列自动调整励磁屏调整试验方法
|
|
| 作者: | ;水利电力部电力科学研究院 , 水利电力部办公厅图书编辑部 编 | |
| 分册: | ||
| 出版信息: | 北京 中国工业出版社 1966 |
|
| 页数: | 68页 | |
| 开本: | 19cm | |
| 丛书名: | ||
| 单 册: | ||
| 中图分类: | TP214 | |
| 科图分类: | ||
| 主题词: | 励磁调节器 | |
| 电子资源: | ||
| ISBN: | 15165.4508(水电-612) | |
| 000 | 00949cam0 2200253 450 | |
| 001 | 0105507070 | |
| 005 | 20080227160203.0 | |
| 010 | @a15165.4508(水电-612)@dCNY0.32 | |
| 091 | @a15165.4508(水电-612)@dCNY0.32 | |
| 100 | @a19960408d1966 em y0chiy0110 ea | |
| 101 | 0 | @achi |
| 102 | @aCN@b110000 | |
| 105 | @af z 000yy | |
| 106 | @ar | |
| 200 | 1 | @aF-D系列自动调整励磁屏调整试验方法@9F - D Xi;Ji Lie Zi Dong Diao;Tiao Zheng Li Ci Ping;Bing Diao;Tiao Zheng Shi Yan Fang Fa @f水利电力部电力科学研究院,水利电力部办公厅图书编辑部编@b专著 |
| 210 | @a北京@c中国工业出版社@d1966 | |
| 215 | @a68页@c图;表@d19cm | |
| 606 | 0 | @a励磁调节器 |
| 690 | @aTP214@v3 | |
| 711 | 02 | @a水利电力部电力科学研究院@9shui li dian li bu dian li ke xue yan jiu yuan@4编 |
| 711 | 02 | @a水利电力部办公厅图书编辑部@9shui li dian li bu ban gong ting tu shu bian ji bu@4编 |
| 801 | 0 | @aCN@b广东省中山图书馆 |
| 801 | 2 | @aCN@bAiZhiMarc |
| 905 | @aBZT@dTP214@e1@f1@sTP214/1 | |
| F-D系列自动调整励磁屏调整试验方法/水利电力部电力科学研究院,水利电力部办公厅图书编辑部编.-北京:中国工业出版社,1966 |
| 68页:图;表;19cm |
| ISBN 15165.4508(水电-612):CNY0.32 |
| ● |
| 相关链接 |
|
|
|
正题名:F-D系列自动调整励磁屏调整试验方法
索取号:TP214/1
 
预约/预借
| 序号 | 登录号 | 条形码 | 馆藏地/架位号 | 状态 | 备注 |
| 1 | 2000109101 | 2000109101 | 旧书回溯/ [索取号:TP214/1] | 在馆 |